[Event "GER-ch U12"]
[Site "Willingen"]
[Date "2016.05.20"]
[Round "10"]
[White "Li, Simon"]
[Black "Evering, Soeren"]
[Result "1/2-1/2"]
[WhiteElo "1904"]
[BlackElo "1719"]
[PlyCount "78"]
[EventDate "2016.05.15"]
[EventType "swiss"]
[EventRounds "11"]
[EventCountry "GER"]
[SourceTitle "CBM 172 Extra"]
[Source "ChessBase"]
[SourceDate "2016.06.21"]
[SourceVersion "1"]
[SourceVersionDate "2016.06.21"]
[SourceQuality "1"]

1. e4 e5 2. Nf3 Nc6 3. Bc4 Bc5 4. c3 Nf6 5. d3 d6 6. h3 a6 7. Bg5 h6 8. Bh4 0-0 9. 0-0 Bd7 10. Nbd2 Ba7 11. Re1 Na5 12. Bb3 Nxb3 13. axb3 Re8 14. Nf1 Qe7 15. d4 Rad8 16. d5 c6 17. c4 cxd5 18. cxd5 Rc8 19. Ng3 g5 20. Nxg5 hxg5 21. Bxg5 Kh7 22. Qf3 Kg6 23. Nf5 Bxf5 24. Qxf5+ Kg7 25. Rac1 Rxc1 26. Rxc1 Bxf2+ 27. Qxf2 Nxe4 28. Bxe7 Nxf2 29. Bxd6 Nd3 30. Rd1 e4 31. Bc7 Re7 32. d6 Rd7 33. Rd2 Nc5 34. Rd4 Ne6 35. Rc4 f5 36. Kf2 Kf6 37. Ke3 Ke5 38. g3 Kd5 39. h4 Ke5 1/2-1/2

[Event "GER-ch U12"]
[Site "Willingen"]
[Date "2016.05.17"]
[Round "5"]
[White "Colbow, Collin"]
[Black "Li, Simon"]
[Result "0-1"]
[WhiteElo "1715"]
[BlackElo "1904"]
[PlyCount "90"]
[EventDate "2016.05.15"]
[EventType "swiss"]
[EventRounds "11"]
[EventCountry "GER"]
[SourceTitle "CBM 172 Extra"]
[Source "ChessBase"]
[SourceDate "2016.06.21"]
[SourceVersion "1"]
[SourceVersionDate "2016.06.21"]
[SourceQuality "1"]

1. e4 c5 2. Nf3 Nc6 3. d4 cxd4 4. Nxd4 g6 5. c4 Bg7 6. Be3 d6 7. Nc3 Nf6 8. f3 0-0 9. Qd2 Nxd4 10. Bxd4 Be6 11. Be2 Qa5 12. Rc1 Rfc8 13. b3 a6 14. 0-0 b5 15. cxb5 axb5 16. Bxb5 Rxc3 17. Rxc3 Qxb5 18. Rfc1 Qa5 19. R1c2 h5 20. b4 Qb5 21. e5 Nd5 22. Rb3 Nb6 23. Rbc3 Nc4 24. Qe2 d5 25. Bc5 Qd7 26. f4 Bh6 27. Qf2 Bf5 28. Rc1 e6 29. Rb3 Qa4 30. b5 Rb8 31. b6 Qa5 32. Bd6 Rb7 33. Bc7 Bf8 34. Qe1 Qxa2 35. Qc3 Be4 36. Qg3 h4 37. Qh3 Bc5+ 38. Kh1 Bxg2+ 39. Qxg2 Qxb3 40. f5 Qe3 41. Ra1 h3 42. Ra8+ Kg7 43. f6+ Kh7 44. Qg4 Qc1+ 45. Qd1 Qxd1# 0-1

[Event "GER-ch U12"]
[Site "Willingen"]
[Date "2016.05.16"]
[Round "4"]
[White "Li, Simon"]
[Black "Kosev, Momchil"]
[Result "1/2-1/2"]
[WhiteElo "1904"]
[BlackElo "1693"]
[PlyCount "44"]
[EventDate "2016.05.15"]
[EventType "swiss"]
[EventRounds "11"]
[EventCountry "GER"]
[SourceTitle "CBM 172 Extra"]
[Source "ChessBase"]
[SourceDate "2016.06.21"]
[SourceVersion "1"]
[SourceVersionDate "2016.06.21"]
[SourceQuality "1"]

1. e4 c5 2. Nf3 d6 3. d4 cxd4 4. Nxd4 Nf6 5. Nc3 a6 6. h3 e6 7. g4 h6 8. Bg2 Be7 9. Be3 Qc7 10. Qe2 Nc6 11. 0-0-0 Bd7 12. f4 Rc8 13. h4 b5 14. g5 Ng8 15. f5 Ne5 16. fxe6 fxe6 17. Bh3 Qc4 18. Qf2 b4 19. Bf1 Qc7 20. Nb1 Ng4 21. Qe2 Nxe3 22. Qxe3 e5 1/2-1/2

[Event "Pyramiden Franken Cup"]
[Site "Fuerth"]
[Date "2015.09.06"]
[Round "6"]
[White "Redzepovic, Irfan"]
[Black "Li, Simon"]
[Result "1-0"]
[WhiteElo "2139"]
[BlackElo "2013"]
[PlyCount "57"]
[EventDate "2015.09.03"]
[EventType "swiss"]
[EventRounds "7"]
[EventCountry "GER"]
[SourceTitle "EXT 2016"]
[Source "ChessBase"]
[SourceDate "2015.10.08"]
[SourceVersion "1"]
[SourceVersionDate "2015.10.08"]
[SourceQuality "1"]

1. d4 Nf6 2. Nf3 c5 3. e3 d5 4. Be2 Nc6 5. 0-0 Bf5 6. c4 cxd4 7. Nxd4 Nxd4 8. exd4 dxc4 9. Bxc4 e6 10. Bb5+ Nd7 11. d5 Be7 12. g4 Bxb1 13. dxe6 fxe6 14. Rxb1 a6 15. Bc4 Nc5 16. b4 b5 17. bxc5 bxc4 18. Qa4+ Qd7 19. Qxd7+ Kxd7 20. Rb7+ Ke8 21. Re1 Kf7 22. c6 Rac8 23. Ba3 Rhe8 24. Rd1 Kf8 25. Rxe7 Rxe7 26. Rd7 Rxc6 27. Rxe7 Kg8 28. Kf1 c3 29. Ke2 1-0

[Event "Pyramiden Franken Cup"]
[Site "Fuerth"]
[Date "2015.09.05"]
[Round "4"]
[White "Eck, Mathias"]
[Black "Li, Simon"]
[Result "1/2-1/2"]
[WhiteElo "2085"]
[BlackElo "2013"]
[PlyCount "59"]
[EventDate "2015.09.03"]
[EventType "swiss"]
[EventRounds "7"]
[EventCountry "GER"]
[SourceTitle "EXT 2016"]
[Source "ChessBase"]
[SourceDate "2015.10.08"]
[SourceVersion "1"]
[SourceVersionDate "2015.10.08"]
[SourceQuality "1"]

1. c4 c5 2. Nc3 Nf6 3. e4 Nc6 4. g3 g6 5. Bg2 Bg7 6. Nge2 d6 7. 0-0 0-0 8. d3 Rb8 9. a3 a6 10. Rb1 b5 11. cxb5 axb5 12. b4 cxb4 13. axb4 Ne8 14. Bg5 Nc7 15. Qc1 Ne6 16. Bh6 Ncd4 17. Bxg7 Kxg7 18. Nxd4 Nxd4 19. Qb2 e5 20. Ne2 Nxe2+ 21. Qxe2 Be6 22. Qb2 Ra8 23. d4 Ra2 24. Qc3 Qc8 25. Qe3 Qc2 26. d5 Bg4 27. Rfc1 Qd2 28. Qxd2 Rxd2 29. f3 Bd7 30. Rc7 1/2-1/2

[Event "GER-ch U12"]
[Site "Willingen"]
[Date "2015.05.27"]
[Round "7"]
[White "Li, Simon"]
[Black "Kopylov, Daniel"]
[Result "1-0"]
[WhiteElo "1792"]
[BlackElo "1970"]
[PlyCount "51"]
[EventDate "2015.05.24"]
[EventType "swiss"]
[EventRounds "11"]
[EventCountry "GER"]
[SourceTitle "CBM 166 Extra"]
[Source "ChessBase"]
[SourceDate "2015.06.18"]
[SourceVersion "1"]
[SourceVersionDate "2015.06.18"]
[SourceQuality "1"]

1. e4 e6 2. d4 d5 3. Nc3 dxe4 4. Nxe4 Nd7 5. Nf3 Ngf6 6. Nxf6+ Nxf6 7. c3 c5 8. Ne5 Bd7 9. Nxd7 Qxd7 10. Be3 Nd5 11. Qb3 a6 12. Bd3 Be7 13. 0-0 0-0 14. Rfe1 Nxe3 15. fxe3 h6 16. Rf1 Qd5 17. Qd1 Rad8 18. Qg4 Qg5 19. Qe4 g6 20. Rf3 Qd5 21. Qf4 e5 22. Qxh6 Rfe8 23. Bxg6 f6 24. Qh7+ Kf8 25. Qh8+ Qg8 26. Rxf6+ 1-0

[Event "GER-ch U10"]
[Site "Magdeburg"]
[Date "2014.06.11"]
[Round "7"]
[White "Weishaeutel, Moritz"]
[Black "Li, Simon"]
[Result "0-1"]
[WhiteElo "1852"]
[BlackElo "1617"]
[PlyCount "66"]
[EventDate "2014.06.08"]
[EventType "swiss"]
[EventRounds "11"]
[EventCountry "GER"]
[SourceTitle "CBM 160 Extra"]
[Source "ChessBase"]
[SourceDate "2014.07.01"]
[SourceVersion "1"]
[SourceVersionDate "2014.07.01"]
[SourceQuality "1"]

1. e4 c5 2. Nf3 d6 3. d4 cxd4 4. Nxd4 Nf6 5. Nc3 g6 6. f3 Bg7 7. Be3 Nc6 8. Qd2 0-0 9. 0-0-0 d5 10. Kb1 Nxd4 11. Bxd4 dxe4 12. fxe4 Be6 13. Qe1 Qa5 14. Nd5 Qxe1 15. Nxe7+ Kh8 16. Rxe1 Rfe8 17. Bc5 Bf8 18. Nd5 Bxd5 19. Bxf8 Nxe4 20. Bb4 a5 21. Bb5 axb4 22. Bxe8 Rxe8 23. b3 Nc3+ 24. Kb2 Ra8 25. Ra1 Bxg2 26. Rhe1 f5 27. Re7 f4 28. a4 Kg8 29. Re5 f3 30. Rg5 Re8 31. h4 Kg7 32. Rg1 Re2 33. Rg4 Re4 0-1

[Event "GER-ch U10"]
[Site "Magdeburg"]
[Date "2014.06.09"]
[Round "3"]
[White "Li, Simon"]
[Black "Kirchner, Markus"]
[Result "1-0"]
[WhiteElo "1617"]
[BlackElo "1409"]
[PlyCount "77"]
[EventDate "2014.06.08"]
[EventType "swiss"]
[EventRounds "11"]
[EventCountry "GER"]
[SourceTitle "CBM 160 Extra"]
[Source "ChessBase"]
[SourceDate "2014.07.01"]
[SourceVersion "1"]
[SourceVersionDate "2014.07.01"]
[SourceQuality "1"]

1. e4 e6 2. d4 d5 3. Nc3 Nf6 4. e5 Nfd7 5. Nce2 c5 6. c3 Qb6 7. f4 Nc6 8. Nf3 Be7 9. a3 0-0 10. b4 c4 11. g3 f6 12. Bh3 f5 13. 0-0 a5 14. Be3 Ra6 15. b5 Ra8 16. bxc6 Qxc6 17. Kh1 b5 18. Bd2 a4 19. Rg1 Nb6 20. Rg2 Qe8 21. Qg1 g6 22. g4 Bd7 23. gxf5 exf5 24. Be1 Qf7 25. Bh4 Kh8 26. Ng5 Bxg5 27. Bxg5 Be6 28. Rb1 Ra5 29. Bf6+ Kg8 30. Ng3 Nd7 31. Nxf5 Bxf5 32. Bxf5 Nxf6 33. exf6 Kh8 34. Bc2 Rg8 35. f5 Qxf6 36. fxg6 Qf3 37. Rf1 Qxc3 38. g7+ Rxg7 39. Rf8+ 1-0

[Event "Schweinfurt op 23rd"]
[Site "Schweinfurt"]
[Date "2013.06.01"]
[Round "4"]
[White "Li, Simon"]
[Black "Weippert, Sophia"]
[Result "1-0"]
[WhiteElo "1223"]
[BlackElo "1145"]
[PlyCount "103"]
[EventDate "2013.05.30"]
[EventType "swiss"]
[EventRounds "7"]
[EventCountry "GER"]
[SourceTitle "CBM 154 Extra"]
[Source "ChessBase"]
[SourceDate "2013.06.25"]
[SourceVersion "2"]
[SourceVersionDate "2013.06.25"]
[SourceQuality "1"]

1. e4 e5 2. Nf3 Nc6 3. Bc4 h6 4. d4 exd4 5. Nxd4 Nxd4 6. Qxd4 d6 7. 0-0 Qf6 8. Be3 Be7 9. f4 Qxd4 10. Bxd4 Rh7 11. Nc3 Be6 12. Bxe6 fxe6 13. e5 g5 14. f5 exf5 15. Rxf5 Rf7 16. Raf1 Rxf5 17. Rxf5 dxe5 18. Rxe5 0-0-0 19. Be3 Bd6 20. Re6 a6 21. Ne4 Kd7 22. Rg6 Be5 23. Nc5+ Kc8 24. Nd3 Bd6 25. g3 b6 26. Nf2 Be5 27. c3 Nf6 28. Rxh6 Rg8 29. Kg2 a5 30. Kh3 g4+ 31. Kg2 Kd7 32. Nd3 Kd6 33. Nxe5 Kxe5 34. Bd4+ Ke4 35. Rxf6 Kd3 36. Rc6 Re8 37. Rxc7 Re2+ 38. Bf2 Rxb2 39. Rg7 Kxc3 40. Rxg4 Rxa2 41. h4 a4 42. Kf3 b5 43. h5 Rxf2+ 44. Kxf2 a3 45. Rh4 a2 46. Rh1 b4 47. h6 b3 48. h7 b2 49. h8Q+ Kc2 50. Qxb2+ Kxb2 51. Kf3 Kc3 52. Kf4 1-0